K chápaniu sekuritológie ako interdisciplinárneho predmetu a k jeho vysokoškolskej výučbe

Enregistré dans:
Détails bibliographiques
Auteur principal: Škvrnda, František
Format: Chapitre de livre
Langue:slovaque
anglais
Sujets:
Tags: Ajouter un tag
Pas de tags, Soyez le premier à ajouter un tag!

MARC

LEADER 00000naa$a2200000$$$4500
001 0049133
005 20240502071551.3
041 0 |a slo 
041 0 |a eng 
044 |a SK 
245 1 0 |a K chápaniu sekuritológie ako interdisciplinárneho predmetu a k jeho vysokoškolskej výučbe  |c František Škvrnda 
610 2 0 |a bezpečnosť 
610 2 0 |a ochrana civilná 
610 2 0 |a ochrana majetku 
610 2 0 |a globalizácia 
610 2 0 |a vzdelávanie 
610 2 0 |a vyučovanie 
610 2 0 |a školy vysoké 
100 1 |a Škvrnda, František